| 000 | 00488nam a2200193Ia 4500 | ||
|---|---|---|---|
| 008 | 191130s1899##################000#0#eng## | ||
| 040 |
_aACL _cACL |
||
| 082 | _a581.9682 WOO | ||
| 100 | _aWood, J. M | ||
| 245 |
_aNatal plants _cJ.M. Wood |
||
| 250 | _a1st ed | ||
| 260 |
_aNew York _bBennett & Davis _c1899 |
||
| 300 | _a600 p., : ill | ||
| 500 | _aIncludes index | ||
| 650 | _aScience Section | ||
| 990 | _a99fbf8c9ac10000c59e4be67fa81a4a4 | ||
| 991 | _a208913 | ||
| 999 |
_c18847 _d18847 |
||